000 00855 a2200229 4500
999 _c183341
_d183341
005 20211223122233.0
010 _aENG-130540
020 _a978-0-19-012478-6
_c1,695.00
035 _aEN-114072
037 _bDBAD/PUB
082 _a342.540853
_b1
100 _aJha, Himanshu
245 _aCapturing Institutional Change:
_bThe Case of the Right To Information Act in India/
_cHimanshu Jha, Series edited by Rahul Mukherji, Subrata K.Mitra, Raghbendra Jha
250 _a2020
260 _aNew Delhi
_bOxford University Press
_c2020
270 _a22 Workspace, 2nd Floor, 1/22 Asaf Ali Road
_bNew Delhi
_e110002
300 _a319p.
_c22cm (pbk)
_bIndex, About the Author, Bibliography, Appendices
700 _aMukherji, Rahul
700 _aK,Mitra, Subrata
700 _aJha, Raghbendra
942 _adpl
_cEN
_2ddc
_h342.540853
_mJHA